[Event "Deutsche Ländermeisterschaft 2025"]
[Site "Oer-Erkenschwick GER"]
[Date "2025.10.02"]
[Round "3"]
[White "de Jong, Lode"]
[Black "Polzin, Gustav"]
[Result "0-1"]
[Termination "normal"]
[Board "4.4"]
[WhiteTitle "CM"]
[WhiteElo "1978"]
[BlackElo "2058"]
[WhiteClock "00:19:37"]
[BlackClock "00:27:11"]
[WhiteTeam "Stichts-Gooise Schaakbond"]
[BlackTeam "Sachsen-Anhalt"]
[PlyCount "106"]
[WhiteFideId "40101860"]
[BlackFideId "34603280"]
[EventCountry "GER"]
[EventRounds "7"]
[EventType "team-swiss"]
[EventDate "2025.09.30"]

1. e4 {[%clk 01:30:57]} {[%emt 00:00:02]} c6 {[%clk 01:30:52]} {[%emt
00:00:10]} 2. d4 {[%clk 01:31:22]} {[%emt 00:00:04]} d5 {[%clk 01:31:19]}
{[%emt 00:00:03]} 3. e5 {[%clk 01:31:46]} {[%emt 00:00:06]} Bf5 {[%clk
01:31:43]} {[%emt 00:00:06]} 4. Nf3 {[%clk 01:32:09]} {[%emt 00:00:06]} e6
{[%clk 01:32:08]} {[%emt 00:00:06]} 5. Be2 {[%clk 01:32:34]} {[%emt 00:00:05]}
c5 {[%clk 01:32:19]} {[%emt 00:00:21]} 6. Nc3 {[%clk 01:28:03]} {[%emt
00:05:00]} Nc6 {[%clk 01:29:16]} {[%emt 00:03:33]} 7. Be3 {[%clk 01:28:06]}
{[%emt 00:00:26]} c4 {[%clk 01:21:29]} {[%emt 00:08:18]} 8. O-O {[%clk
01:26:07]} {[%emt 00:02:27]} Bb4 {[%clk 01:20:22]} {[%emt 00:01:38]} 9. Qd2
{[%clk 01:15:20]} {[%emt 00:11:17]} h6 {[%clk 01:19:53]} {[%emt 00:01:00]} 10.
a3 {[%clk 01:15:27]} {[%emt 00:00:23]} Bxc3 {[%clk 01:16:01]} {[%emt 00:04:22]}
11. Qxc3 {[%clk 01:15:34]} {[%emt 00:00:23]} Nge7 {[%clk 01:12:52]} {[%emt
00:03:40]} 12. a4 {[%clk 01:12:48]} {[%emt 00:03:15]} Rc8 {[%clk 01:08:50]}
{[%emt 00:04:31]} 13. h3 {[%clk 01:04:54]} {[%emt 00:08:23]} Qa5 {[%clk
00:57:29]} {[%emt 00:11:52]} 14. Qxa5 {[%clk 01:01:00]} {[%emt 00:04:24]} Nxa5
{[%clk 00:57:57]} {[%emt 00:00:02]} 15. Rfc1 {[%clk 01:01:05]} {[%emt
00:00:24]} a6 {[%clk 00:51:47]} {[%emt 00:06:41]} 16. Bd2 {[%clk 00:54:55]}
{[%emt 00:06:39]} Nec6 {[%clk 00:51:00]} {[%emt 00:01:18]} 17. Bc3 {[%clk
00:51:52]} {[%emt 00:03:33]} Kd7 {[%clk 00:47:50]} {[%emt 00:03:40]} 18. Nd2
{[%clk 00:51:58]} {[%emt 00:00:23]} Ra8 {[%clk 00:43:00]} {[%emt 00:05:20]} 19.
b4 {[%clk 00:51:25]} {[%emt 00:01:03]} b5 {[%clk 00:32:51]} {[%emt 00:10:39]}
20. axb5 {[%clk 00:14:57]} {[%emt 00:36:59]} axb5 {[%clk 00:33:18]} {[%emt
00:00:03]} 21. g4 {[%clk 00:11:18]} {[%emt 00:04:08]} Bh7 {[%clk 00:33:42]}
{[%emt 00:00:07]} 22. Rxa5 {[%clk 00:05:10]} {[%emt 00:06:38]} Rxa5 {[%clk
00:32:54]} {[%emt 00:01:18]} 23. bxa5 {[%clk 00:05:33]} {[%emt 00:00:06]} b4
{[%clk 00:33:15]} {[%emt 00:00:10]} 24. Ba1 {[%clk 00:05:55]} {[%emt 00:00:07]}
Nxa5 {[%clk 00:31:12]} {[%emt 00:02:33]} 25. c3 {[%clk 00:06:20]} {[%emt
00:00:05]} Nc6 {[%clk 00:23:34]} {[%emt 00:08:08]} 26. Bb2 {[%clk 00:03:20]}
{[%emt 00:03:30]} g5 {[%clk 00:20:15]} {[%emt 00:03:50]} 27. Ra1 {[%clk
00:03:14]} {[%emt 00:00:36]} Rb8 {[%clk 00:20:25]} {[%emt 00:00:20]} 28. cxb4
{[%clk 00:02:53]} {[%emt 00:00:51]} Nxb4 {[%clk 00:20:27]} {[%emt 00:00:27]}
29. Ra7+ {[%clk 00:02:59]} {[%emt 00:00:24]} Ke8 {[%clk 00:20:21]} {[%emt
00:00:37]} 30. Bc3 {[%clk 00:03:21]} {[%emt 00:00:08]} Nc6 {[%clk 00:19:47]}
{[%emt 00:01:04]} 31. Ra6 {[%clk 00:03:20]} {[%emt 00:00:30]} Kd7 {[%clk
00:19:52]} {[%emt 00:00:26]} 32. Kg2 {[%clk 00:03:37]} {[%emt 00:00:12]} Kc7
{[%clk 00:19:47]} {[%emt 00:00:35]} 33. Kg3 {[%clk 00:03:48]} {[%emt 00:00:19]}
Rb7 {[%clk 00:19:07]} {[%emt 00:01:11]} 34. Bd1 {[%clk 00:01:29]} {[%emt
00:02:48]} Bg6 {[%clk 00:17:38]} {[%emt 00:01:59]} 35. Ba4 {[%clk 00:01:02]}
{[%emt 00:00:57]} Nb4 {[%clk 00:17:43]} {[%emt 00:00:26]} 36. Ra8 {[%clk
00:01:06]} {[%emt 00:00:26]} Rb6 {[%clk 00:16:33]} {[%emt 00:01:40]} 37. Ra7+
{[%clk 00:01:23]} {[%emt 00:00:13]} Kb8 {[%clk 00:16:39]} {[%emt 00:00:23]} 38.
Ra5 {[%clk 00:01:14]} {[%emt 00:00:38]} Na2 {[%clk 00:16:28]} {[%emt 00:00:43]}
39. Ba1 {[%clk 00:00:47]} {[%emt 00:00:57]} c3 {[%clk 00:16:30]} {[%emt
00:00:27]} 40. Nb3 {[%clk 00:00:57]} {[%emt 00:00:20]} c2 {[%clk 00:09:59]}
{[%emt 00:07:01]} 41. Bb2 {[%clk 00:27:49]} {[%emt 00:03:37]} Nc3 {[%clk
00:35:49]} {[%emt 00:04:41]} 42. Ba3 {[%clk 00:19:15]} {[%emt 00:09:04]} Nxa4
{[%clk 00:34:32]} {[%emt 00:01:47]} 43. Nc1 {[%clk 00:19:40]} {[%emt 00:00:05]}
Nb2 {[%clk 00:33:23]} {[%emt 00:01:39]} 44. Bf8 {[%clk 00:18:34]} {[%emt
00:01:36]} Nd3 {[%clk 00:28:46]} {[%emt 00:05:07]} 45. Ne2 {[%clk 00:18:16]}
{[%emt 00:00:48]} Rb1 {[%clk 00:27:28]} {[%emt 00:01:48]} 46. Ba3 {[%clk
00:17:15]} {[%emt 00:01:31]} c1=Q {[%clk 00:27:02]} {[%emt 00:00:55]} 47. Nxc1
{[%clk 00:17:38]} {[%emt 00:00:07]} Nxc1 {[%clk 00:27:23]} {[%emt 00:00:09]}
48. Bc5 {[%clk 00:18:02]} {[%emt 00:00:06]} Nd3 {[%clk 00:26:46]} {[%emt
00:01:06]} 49. Bf8 {[%clk 00:18:21]} {[%emt 00:00:11]} Nf4 {[%clk 00:26:25]}
{[%emt 00:00:52]} 50. Bxh6 {[%clk 00:18:33]} {[%emt 00:00:17]} Rb3+ {[%clk
00:26:24]} {[%emt 00:00:32]} 51. f3 {[%clk 00:18:57]} {[%emt 00:00:06]} Be4
{[%clk 00:26:44]} {[%emt 00:00:10]} 52. Bxg5 {[%clk 00:19:22]} {[%emt
00:00:05]} Rxf3+ {[%clk 00:27:04]} {[%emt 00:00:11]} 53. Kh2 {[%clk 00:19:37]}
{[%emt 00:00:15]} Rxh3+ {[%clk 00:27:11]} {[%emt 00:00:23]} 0-1

[Event "Deutsche Ländermeisterschaft 2025"]
[Site "Oer-Erkenschwick GER"]
[Date "2025.10.02"]
[Round "3"]
[White "Voigt, Anastasia"]
[Black "Gergin, Isafara"]
[Result "1-0"]
[Termination "normal"]
[Board "4.5"]
[WhiteElo "1894"]
[BlackElo "1984"]
[WhiteClock "00:20:21"]
[BlackClock "00:24:04"]
[WhiteTeam "Sachsen-Anhalt"]
[BlackTeam "Stichts-Gooise Schaakbond"]
[PlyCount "75"]
[WhiteFideId "16235223"]
[BlackFideId "1082167"]
[EventCountry "GER"]
[EventRounds "7"]
[EventType "team-swiss"]
[EventDate "2025.09.30"]

1. e4 {[%clk 01:30:58]} c6 {[%clk 01:30:53]} {[%emt 00:00:08]} 2. d4 {[%clk
01:31:24]} {[%emt 00:00:04]} d5 {[%clk 01:31:18]} {[%emt 00:00:06]} 3. Nc3
{[%clk 01:31:49]} {[%emt 00:00:05]} dxe4 {[%clk 01:31:36]} {[%emt 00:00:12]} 4.
Nxe4 {[%clk 01:32:14]} {[%emt 00:00:05]} Nf6 {[%clk 01:31:59]} {[%emt
00:00:08]} 5. Nxf6+ {[%clk 01:32:35]} {[%emt 00:00:08]} exf6 {[%clk 01:32:22]}
{[%emt 00:00:07]} 6. Be3 {[%clk 01:32:59]} {[%emt 00:00:05]} Bd6 {[%clk
01:32:42]} {[%emt 00:00:10]} 7. Bd3 {[%clk 01:33:23]} {[%emt 00:00:06]} Na6
{[%clk 01:33:01]} {[%emt 00:00:11]} 8. a3 {[%clk 01:33:02]} {[%emt 00:00:51]}
Bf5 {[%clk 01:32:43]} {[%emt 00:00:48]} 9. Ne2 {[%clk 01:33:15]} {[%emt
00:00:18]} O-O {[%clk 01:33:00]} {[%emt 00:00:13]} 10. O-O {[%clk 01:33:31]}
{[%emt 00:00:14]} Bg6 {[%clk 01:33:16]} {[%emt 00:00:13]} 11. c4 {[%clk
01:32:42]} {[%emt 00:01:20]} Qd7 {[%clk 01:32:52]} {[%emt 00:00:53]} 12. Qc2
{[%clk 01:30:12]} {[%emt 00:02:59]} Rad8 {[%clk 01:31:04]} {[%emt 00:02:19]}
13. Rfd1 {[%clk 01:28:19]} {[%emt 00:02:23]} Nc7 {[%clk 01:26:55]} {[%emt
00:04:39]} 14. Bxg6 {[%clk 01:09:17]} {[%emt 00:19:32]} hxg6 {[%clk 01:27:07]}
{[%emt 00:00:19]} 15. Nc3 {[%clk 01:08:35]} {[%emt 00:01:11]} f5 {[%clk
01:20:52]} {[%emt 00:06:45]} 16. d5 {[%clk 00:56:46]} {[%emt 00:12:18]} f4
{[%clk 01:11:57]} {[%emt 00:09:26]} 17. Bxa7 {[%clk 00:54:37]} {[%emt
00:02:40]} f3 {[%clk 01:10:22]} {[%emt 00:02:05]} 18. Qe4 {[%clk 00:54:28]}
{[%emt 00:00:37]} cxd5 {[%clk 00:59:20]} {[%emt 00:11:34]} 19. Qxf3 {[%clk
00:50:07]} {[%emt 00:04:50]} dxc4 {[%clk 00:53:02]} {[%emt 00:06:47]} 20. Qxb7
{[%clk 00:48:00]} {[%emt 00:02:37]} Qf5 {[%clk 00:46:33]} {[%emt 00:06:59]} 21.
Qe4 {[%clk 00:33:03]} {[%emt 00:15:26]} Qh5 {[%clk 00:42:23]} {[%emt 00:04:41]}
22. g3 {[%clk 00:32:21]} {[%emt 00:01:12]} Ne6 {[%clk 00:38:45]} {[%emt
00:04:09]} 23. Be3 {[%clk 00:26:41]} {[%emt 00:06:10]} Rfe8 {[%clk 00:34:49]}
{[%emt 00:04:26]} 24. Qxc4 {[%clk 00:24:06]} {[%emt 00:03:04]} f5 {[%clk
00:33:14]} {[%emt 00:02:06]} 25. Rd5 {[%clk 00:22:17]} {[%emt 00:02:19]} Qf3
{[%clk 00:28:24]} {[%emt 00:05:20]} 26. Qe2 {[%clk 00:21:00]} {[%emt 00:01:46]}
Qxe2 {[%clk 00:25:28]} {[%emt 00:03:28]} 27. Nxe2 {[%clk 00:21:25]} {[%emt
00:00:04]} Nc7 {[%clk 00:25:09]} {[%emt 00:00:50]} 28. Rd2 {[%clk 00:21:17]}
{[%emt 00:00:37]} Be5 {[%clk 00:25:08]} {[%emt 00:00:32]} 29. Rad1 {[%clk
00:21:10]} {[%emt 00:00:36]} Rb8 {[%clk 00:25:14]} {[%emt 00:00:24]} 30. Bd4
{[%clk 00:19:38]} {[%emt 00:02:01]} Bxd4 {[%clk 00:24:37]} {[%emt 00:01:08]}
31. Nxd4 {[%clk 00:20:03]} {[%emt 00:00:05]} Nb5 {[%clk 00:24:07]} {[%emt
00:01:00]} 32. Nxb5 {[%clk 00:19:58]} {[%emt 00:00:35]} Rxb5 {[%clk 00:24:31]}
{[%emt 00:00:06]} 33. b4 {[%clk 00:20:15]} {[%emt 00:00:13]} Kf7 {[%clk
00:24:40]} {[%emt 00:00:21]} 34. Rd7+ {[%clk 00:20:19]} {[%emt 00:00:26]} Kf6
{[%clk 00:24:11]} {[%emt 00:00:59]} 35. R1d6+ {[%clk 00:20:33]} {[%emt
00:00:15]} Ke5 {[%clk 00:23:59]} {[%emt 00:00:43]} 36. Rxg6 {[%clk 00:20:49]}
{[%emt 00:00:14]} Ke4 {[%clk 00:23:57]} {[%emt 00:00:32]} 37. Rgxg7 {[%clk
00:20:35]} {[%emt 00:00:43]} Rbe5 {[%clk 00:24:04]} {[%emt 00:00:23]} 38. Kg2
{[%clk 00:20:21]} {[%emt 00:00:43]} 1-0

[Event "Deutsche Ländermeisterschaft 2025"]
[Site "Oer-Erkenschwick GER"]
[Date "2025.10.02"]
[Round "3"]
[White "Koorevaar, Sarah-Joy"]
[Black "Shevchenko, Igor"]
[Result "0-1"]
[Termination "normal"]
[Board "4.6"]
[WhiteElo "1811"]
[BlackElo "1985"]
[WhiteClock "00:19:19"]
[BlackClock "01:08:24"]
[WhiteTeam "Stichts-Gooise Schaakbond"]
[BlackTeam "Sachsen-Anhalt"]
[PlyCount "94"]
[WhiteFideId "1091174"]
[BlackFideId "34634924"]
[EventCountry "GER"]
[EventRounds "7"]
[EventType "team-swiss"]
[EventDate "2025.09.30"]

1. d4 {[%clk 01:30:59]} {[%emt 12:11:08]} Nf6 {[%clk 01:30:30]} {[%emt
00:00:30]} 2. Nf3 {[%clk 01:31:24]} {[%emt 00:00:05]} g6 {[%clk 01:30:44]}
{[%emt 00:00:16]} 3. g3 {[%clk 01:31:50]} {[%emt 00:00:04]} Bg7 {[%clk
01:31:09]} {[%emt 00:00:04]} 4. Bg2 {[%clk 01:32:15]} {[%emt 00:00:05]} O-O
{[%clk 01:31:09]} {[%emt 00:00:30]} 5. O-O {[%clk 01:32:39]} {[%emt 00:00:07]}
d5 {[%clk 01:30:09]} {[%emt 00:01:30]} 6. c4 {[%clk 01:32:20]} {[%emt
00:00:49]} c6 {[%clk 01:30:31]} {[%emt 00:00:08]} 7. cxd5 {[%clk 01:25:03]}
{[%emt 00:07:46]} cxd5 {[%clk 01:30:50]} {[%emt 00:00:11]} 8. Nc3 {[%clk
01:24:52]} {[%emt 00:00:41]} Nc6 {[%clk 01:19:26]} {[%emt 00:11:54]} 9. Bf4
{[%clk 01:16:45]} {[%emt 00:08:37]} Bf5 {[%clk 01:06:37]} {[%emt 00:13:20]} 10.
Qd2 {[%clk 01:00:34]} {[%emt 00:16:40]} Ne4 {[%clk 01:04:13]} {[%emt 00:02:55]}
11. Nxe4 {[%clk 00:59:24]} {[%emt 00:01:40]} dxe4 {[%clk 01:04:03]} {[%emt
00:00:40]} 12. Ng5 {[%clk 00:50:41]} {[%emt 00:09:13]} Qxd4 {[%clk 01:01:57]}
{[%emt 00:02:36]} 13. Qxd4 {[%clk 00:44:32]} {[%emt 00:06:38]} Nxd4 {[%clk
01:01:23]} {[%emt 00:01:04]} 14. Rae1 {[%clk 00:40:13]} {[%emt 00:04:48]} e5
{[%clk 00:57:11]} {[%emt 00:04:43]} 15. Bd2 {[%clk 00:37:04]} {[%emt 00:03:39]}
Bg4 {[%clk 00:56:44]} {[%emt 00:00:57]} 16. e3 {[%clk 00:35:34]} {[%emt
00:02:00]} Nf3+ {[%clk 00:56:08]} {[%emt 00:01:07]} 17. Bxf3 {[%clk 00:33:30]}
{[%emt 00:02:34]} exf3 {[%clk 00:56:23]} {[%emt 00:00:15]} 18. h3 {[%clk
00:30:53]} {[%emt 00:03:06]} Bd7 {[%clk 00:56:09]} {[%emt 00:00:44]} 19. Kh2
{[%clk 00:30:34]} {[%emt 00:00:49]} Bb5 {[%clk 00:56:25]} {[%emt 00:00:15]} 20.
Rg1 {[%clk 00:28:06]} {[%emt 00:02:55]} Be2 {[%clk 00:56:27]} {[%emt 00:00:30]}
21. Ne4 {[%clk 00:27:26]} {[%emt 00:01:10]} Rfd8 {[%clk 00:53:46]} {[%emt
00:03:12]} 22. Bb4 {[%clk 00:20:55]} {[%emt 00:07:00]} Bd3 {[%clk 00:53:09]}
{[%emt 00:01:08]} 23. Nc5 {[%clk 00:13:09]} {[%emt 00:08:15]} e4 {[%clk
00:53:24]} {[%emt 00:00:15]} 24. Rd1 {[%clk 00:12:03]} {[%emt 00:01:36]} Bxb2
{[%clk 00:52:12]} {[%emt 00:01:43]} 25. Nxd3 {[%clk 00:12:16]} {[%emt
00:00:17]} exd3 {[%clk 00:51:31]} {[%emt 00:01:11]} 26. Rd2 {[%clk 00:09:13]}
{[%emt 00:03:33]} Be5 {[%clk 00:50:02]} {[%emt 00:01:57]} 27. Rgd1 {[%clk
00:08:37]} {[%emt 00:01:07]} a5 {[%clk 00:47:29]} {[%emt 00:03:04]} 28. Be7
{[%clk 00:03:24]} {[%emt 00:05:43]} Rd7 {[%clk 00:47:30]} {[%emt 00:00:28]} 29.
Bg5 {[%clk 00:03:15]} {[%emt 00:00:39]} f6 {[%clk 00:47:49]} {[%emt 00:00:11]}
30. Bf4 {[%clk 00:03:23]} {[%emt 00:00:21]} Rad8 {[%clk 00:45:56]} {[%emt
00:02:23]} 31. Bxe5 {[%clk 00:02:27]} {[%emt 00:01:27]} fxe5 {[%clk 00:46:22]}
{[%emt 00:00:04]} 32. g4 {[%clk 00:02:47]} {[%emt 00:00:10]} e4 {[%clk
00:46:47]} {[%emt 00:00:04]} 33. Kg3 {[%clk 00:03:13]} {[%emt 00:00:04]} g5
{[%clk 00:47:14]} {[%emt 00:00:04]} 34. Rb1 {[%clk 00:03:10]} {[%emt 00:00:32]}
h6 {[%clk 00:43:00]} {[%emt 00:04:45]} 35. h4 {[%clk 00:02:28]} {[%emt
00:01:12]} Rd5 {[%clk 00:40:33]} {[%emt 00:02:57]} 36. Rxb7 {[%clk 00:01:52]}
{[%emt 00:01:05]} Rc8 {[%clk 00:40:33]} {[%emt 00:00:30]} 37. hxg5 {[%clk
00:01:18]} {[%emt 00:01:05]} hxg5 {[%clk 00:40:55]} {[%emt 00:00:08]} 38. Ra7
{[%clk 00:00:55]} {[%emt 00:00:52]} Kf8 {[%clk 00:38:13]} {[%emt 00:03:12]} 39.
Rh7 {[%clk 00:00:43]} {[%emt 00:00:41]} Ke8 {[%clk 00:38:15]} {[%emt 00:00:29]}
40. Rh1 {[%clk 00:01:00]} {[%emt 00:00:13]} Rc2 {[%clk 00:37:35]} {[%emt
00:01:11]} 41. Rhd1 {[%clk 00:24:54]} {[%emt 00:06:35]} Rdc5 {[%clk 01:06:08]}
{[%emt 00:01:58]} 42. Rxc2 {[%clk 00:22:55]} {[%emt 00:02:28]} Rxc2 {[%clk
01:06:27]} {[%emt 00:00:11]} 43. a4 {[%clk 00:22:27]} {[%emt 00:00:58]} Kd7
{[%clk 01:06:48]} {[%emt 00:00:09]} 44. Rh1 {[%clk 00:19:40]} {[%emt 00:03:16]}
d2 {[%clk 01:07:10]} {[%emt 00:00:08]} 45. Rd1 {[%clk 00:19:05]} {[%emt
00:01:05]} Kc6 {[%clk 01:07:34]} {[%emt 00:00:07]} 46. Kh2 {[%clk 00:19:02]}
{[%emt 00:00:33]} Kc5 {[%clk 01:07:59]} {[%emt 00:00:04]} 47. Kg3 {[%clk
00:19:19]} {[%emt 00:00:12]} Kc4 {[%clk 01:08:24]} {[%emt 00:00:06]} 0-1

[Event "Deutsche Ländermeisterschaft 2025"]
[Site "Oer-Erkenschwick GER"]
[Date "2025.10.02"]
[Round "3"]
[White "Rössling, Laura Marie"]
[Black "Nguyen, Paul"]
[Result "0-1"]
[Termination "normal"]
[Board "4.7"]
[WhiteElo "1752"]
[BlackElo "1790"]
[WhiteClock "00:29:39"]
[BlackClock "01:02:54"]
[WhiteTeam "Sachsen-Anhalt"]
[BlackTeam "Stichts-Gooise Schaakbond"]
[PlyCount "86"]
[WhiteFideId "16289471"]
[BlackFideId "1095072"]
[EventCountry "GER"]
[EventRounds "7"]
[EventType "team-swiss"]
[EventDate "2025.09.30"]

1. e4 {[%clk 01:30:46]} {[%emt 00:00:13]} e5 {[%clk 01:30:57]} {[%emt
00:00:04]} 2. Nf3 {[%clk 01:31:05]} {[%emt 00:00:11]} Nc6 {[%clk 01:31:23]}
{[%emt 00:00:03]} 3. Bc4 {[%clk 01:31:01]} {[%emt 00:00:34]} Bc5 {[%clk
01:31:49]} {[%emt 00:00:05]} 4. c3 {[%clk 01:31:22]} {[%emt 00:00:09]} Nf6
{[%clk 01:32:16]} {[%emt 00:00:04]} 5. d4 {[%clk 01:31:45]} {[%emt 00:00:06]}
exd4 {[%clk 01:32:36]} {[%emt 00:00:10]} 6. e5 {[%clk 01:32:09]} {[%emt
00:00:06]} d5 {[%clk 01:33:00]} {[%emt 00:00:06]} 7. Bb5 {[%clk 01:32:32]}
{[%emt 00:00:07]} Ne4 {[%clk 01:33:17]} {[%emt 00:00:13]} 8. cxd4 {[%clk
01:32:53]} {[%emt 00:00:09]} Bb4+ {[%clk 01:33:40]} {[%emt 00:00:08]} 9. Nbd2
{[%clk 01:32:50]} {[%emt 00:00:33]} Bd7 {[%clk 01:33:30]} {[%emt 00:00:39]} 10.
Be2 {[%clk 01:15:40]} {[%emt 00:17:38]} Qe7 {[%clk 01:26:36]} {[%emt 00:07:21]}
11. a3 {[%clk 01:09:43]} {[%emt 00:06:32]} Ba5 {[%clk 01:25:06]} {[%emt
00:02:00]} 12. O-O {[%clk 01:05:02]} {[%emt 00:05:11]} h5 {[%clk 01:21:09]}
{[%emt 00:04:27]} 13. Nxe4 {[%clk 01:01:55]} {[%emt 00:03:37]} dxe4 {[%clk
01:21:15]} {[%emt 00:00:24]} 14. Ng5 {[%clk 01:00:19]} {[%emt 00:02:05]} O-O-O
{[%clk 01:05:56]} {[%emt 00:15:50]} 15. Nxe4 {[%clk 00:48:21]} {[%emt
00:12:28]} f6 {[%clk 01:05:20]} {[%emt 00:01:03]} 16. Bf3 {[%clk 00:44:33]}
{[%emt 00:04:20]} Bb6 {[%clk 01:03:55]} {[%emt 00:01:55]} 17. exf6 {[%clk
00:40:34]} {[%emt 00:04:29]} gxf6 {[%clk 01:03:01]} {[%emt 00:01:24]} 18. d5
{[%clk 00:37:56]} {[%emt 00:03:08]} Bf5 {[%clk 00:55:09]} {[%emt 00:08:23]} 19.
Ng3 {[%clk 00:35:35]} {[%emt 00:02:50]} Bg6 {[%clk 00:54:16]} {[%emt 00:01:24]}
20. Re1 {[%clk 00:34:59]} {[%emt 00:01:07]} Qg7 {[%clk 00:51:14]} {[%emt
00:03:32]} 21. Be3 {[%clk 00:30:42]} {[%emt 00:04:47]} h4 {[%clk 00:48:51]}
{[%emt 00:02:52]} 22. Ne4 {[%clk 00:28:28]} {[%emt 00:02:43]} Ne5 {[%clk
00:48:27]} {[%emt 00:00:54]} 23. Bxb6 {[%clk 00:27:35]} {[%emt 00:01:23]} axb6
{[%clk 00:48:41]} {[%emt 00:00:16]} 24. Kh1 {[%clk 00:24:31]} {[%emt 00:03:35]}
h3 {[%clk 00:47:37]} {[%emt 00:01:34]} 25. gxh3 {[%clk 00:20:48]} {[%emt
00:04:13]} Rhg8 {[%clk 00:40:51]} {[%emt 00:07:15]} 26. Ng3 {[%clk 00:17:23]}
{[%emt 00:03:56]} f5 {[%clk 00:39:27]} {[%emt 00:01:54]} 27. Rg1 {[%clk
00:12:32]} {[%emt 00:05:20]} f4 {[%clk 00:36:27]} {[%emt 00:03:31]} 28. Nh5
{[%clk 00:06:06]} {[%emt 00:06:56]} Qe7 {[%clk 00:34:12]} {[%emt 00:02:45]} 29.
Bg4+ {[%clk 00:05:12]} {[%emt 00:01:24]} Kb8 {[%clk 00:34:11]} {[%emt
00:00:32]} 30. Nxf4 {[%clk 00:04:15]} {[%emt 00:01:27]} Be4+ {[%clk 00:32:57]}
{[%emt 00:01:43]} 31. f3 {[%clk 00:03:56]} {[%emt 00:00:50]} Rxg4 {[%clk
00:33:13]} {[%emt 00:00:13]} 32. fxe4 {[%clk 00:03:22]} {[%emt 00:01:04]} Rxf4
{[%clk 00:33:37]} {[%emt 00:00:07]} 33. Qe2 {[%clk 00:03:02]} {[%emt 00:00:49]}
Qh4 {[%clk 00:33:44]} {[%emt 00:00:24]} 34. Qg2 {[%clk 00:01:07]} {[%emt
00:02:24]} Rdf8 {[%clk 00:33:40]} {[%emt 00:00:35]} 35. Qg7 {[%clk 00:00:37]}
{[%emt 00:00:58]} Nd3 {[%clk 00:33:18]} {[%emt 00:00:52]} 36. Rg3 {[%clk
00:00:34]} {[%emt 00:00:32]} Nf2+ {[%clk 00:33:10]} {[%emt 00:00:40]} 37. Kg2
{[%clk 00:00:57]} {[%emt 00:00:07]} Nxe4 {[%clk 00:33:30]} {[%emt 00:00:10]}
38. Rg4 {[%clk 00:00:37]} {[%emt 00:00:50]} Rf2+ {[%clk 00:33:00]} {[%emt
00:00:59]} 39. Kg1 {[%clk 00:00:36]} {[%emt 00:00:32]} Qxh3 {[%clk 00:33:10]}
{[%emt 00:00:20]} 40. Rg2 {[%clk 00:00:34]} {[%emt 00:00:31]} Qe3 {[%clk
00:32:48]} {[%emt 00:00:52]} 41. Rxf2 {[%clk 00:30:05]} {[%emt 00:00:59]} Rxf2
{[%clk 01:02:31]} {[%emt 00:00:47]} 42. Rf1 {[%clk 00:29:15]} {[%emt 00:01:20]}
Rxf1+ {[%clk 01:02:54]} {[%emt 00:00:07]} 43. Kxf1 {[%clk 00:29:39]} {[%emt
00:00:07]} Qf2# {[%emt 00:00:01]} 0-1